| 000 | 00359nam a2200133Ia 4500 | ||
|---|---|---|---|
| 005 | 20251222144818.0 | ||
| 008 | 251222s9999||||xx |||||||||||||| ||spa|| | ||
| 082 | _a155.2/S21/T.II | ||
| 100 | _aSandoval Mora, Socorro Armida | ||
| 245 | 0 | _aPsicología del Desarrollo Humano: | |
| 250 | _a4ta. ed. | ||
| 264 | _bUniversidad Autónoma de Sinaloa | ||
| 942 | _cLIB | ||
| 999 |
_c20367 _d20367 |
||